[Event "Madrid San Viator op 23rd"]
[Site "Madrid"]
[Date "2014.10.19"]
[Round "4"]
[White "Santos, Mario"]
[Black "Rodriguez Valero, Martin Jose"]
[Result "0-1"]
[WhiteElo "1426"]
[BlackElo "1814"]
[PlyCount "92"]
[EventDate "2014.09.28"]
[EventType "swiss"]
[EventRounds "9"]
[EventCountry "ESP"]
[SourceTitle "EXT 2016"]
[Source "ChessBase"]
[SourceDate "2015.10.08"]
[SourceVersion "1"]
[SourceVersionDate "2015.10.08"]
[SourceQuality "1"]

1. d4 d5 2. e3 Nf6 3. Bd3 e6 4. f4 c5 5. c3 Nc6 6. Nf3 Be7 7. 0-0 Qc7 8. Ne5 cxd4 9. cxd4 Nb4 10. Nc3 Nxd3 11. Qxd3 Nd7 12. a3 f6 13. Nf3 f5 14. Qe2 0-0 15. Ne5 Nxe5 16. fxe5 Bd7 17. Rf3 Qc4 18. Qd1 b5 19. Qf1 Bc6 20. Bd2 a5 21. Rc1 Qxf1+ 22. Rfxf1 Rfc8 23. Rc2 b4 24. Ne2 Bb5 25. Rxc8+ Rxc8 26. Rc1 Rxc1+ 27. Nxc1 bxa3 28. bxa3 Bxa3 29. Na2 a4 30. Bb4 Bxb4 31. Nxb4 a3 32. Nc2 a2 33. Kf2 Kf7 34. Ke1 g5 35. g3 Bd3 36. Na1 Kg6 37. Kf2 Kh5 38. Kg2 Be4+ 39. Kg1 Kg4 40. Nb3 Kf3 41. Kf1 Kxe3 42. Ke1 Bc2 43. Na1 Ba4 44. Kf1 Kxd4 45. Ke2 Kc3 46. Ke3 d4+ 0-1

[Event "Madrid San Viator op 21st"]
[Site "Madrid"]
[Date "2013.11.03"]
[Round "7"]
[White "Rodriguez Valero, Martin Jose"]
[Black "Barahona Torrijos, Angel"]
[Result "1-0"]
[WhiteElo "1782"]
[BlackElo "1867"]
[PlyCount "64"]
[EventDate "2013.09.29"]
[EventType "swiss"]
[EventRounds "9"]
[EventCountry "ESP"]
[SourceTitle "EXT 2015"]
[Source "ChessBase"]
[SourceDate "2014.11.20"]
[SourceVersion "1"]
[SourceVersionDate "2014.11.20"]
[SourceQuality "1"]

1. e4 e5 2. Nf3 Nc6 3. Bc4 Nf6 4. d4 exd4 5. 0-0 Bc5 6. e5 d5 7. exf6 dxc4 8. Re1+ Be6 9. Ng5 Qd5 10. Nc3 Qf5 11. Nce4 0-0-0 12. g4 Qe5 13. Nxe6 fxe6 14. fxg7 Rhg8 15. Bh6 Bb4 16. f4 Qa5 17. Rf1 Be7 18. f5 Qd5 19. Qf3 Ne5 20. Qf4 Nf7 21. f6 Bd6 22. Nxd6+ Rxd6 23. Rae1 d3 24. cxd3 cxd3 25. h4 Qc5+ 26. Qe3 Qd5 27. Bf4 Rb6 28. b3 Rc6 29. Rd1 e5 30. Bg3 e4 31. Qf4 Rc2 32. Rd2 Rxd2 1-0